| Поле | Инд. | ПП | Название | Значение |
|---|---|---|---|---|
| Тип записи | a | |||
| Библиографический уровень | m | |||
| 001 | Контрольный номер | 391e9d25-d577-4885-b54d-77a7414628b5 | ||
| 005 | Дата корректировки | 20140226225825.2 | ||
| 008 | Кодируемые данные | 010604 d | ||
| 020 | a | ISBN | 5-88648-188-5 | |
| c | Цена, тираж | 13.55 | ||
| 040 | a | Служба первич. каталог. | НБ ТвГУ | |
| 041 | a | Код языка текста | rus | |
| 080 | a | Индекс УДК | 514.74(075.8) | |
| 084 | a | Индекс другой классификации/Индекс ББК | В151.51я731-1 | |
| 090 | a | Полочн. индекс | В151.5 | |
| x | Авторский знак | Н55 | ||
| 100 | 1_ | a | Автор | Несис Ефим Израилевич |
| 245 | 10 | a | Заглавие | Основы векторного и тензорного исчисления |
| b | Продолж. заглавия | Учеб. пособие | ||
| c | Ответственность | Несис Е.И., Скибин Ю.Н.; Ставроп. гос. ун-т. | ||
| 260 | 0_ | a | Место издания | Ставрополь |
| b | Издательство | Изд-во Ставроп. гос. ун-та | ||
| c | Дата издания | 1999 | ||
| 300 | a | Объем | 79 с. | |
| b | Иллюстрации/ тип воспроизводства | ил. | ||
| 504 | a | Библиография | Библиогр.: с.77 | |
| 583 | a | Действие | Получение впервые 401 30.05.2001 | |
| k | Исполнитель действия | Обмен | ||
| 650 | a | Основная рубрика | Векторное исчисление | |
| 650 | a | Основная рубрика | Тензорное исчисление | |
| 650 | a | Основная рубрика | Геометрия | |
| x | Основная подрубрика | Учебники для вузов | ||
| 653 | a | Ключевые слова | Векторное исчисление | |
| a | Ключевые слова | Геометрия | ||
| a | Ключевые слова | Математика | ||
| a | Ключевые слова | Тензорное исчисление | ||
| 700 | 1_ | a | Другие авторы | Скибин Юрий Николаевич |
| e | Роль лиц | авт. | ||
| 852 | t | Порядковый номер экземпляра | 1 | |
| p | Инвентарный номер | 734818 | ||
| 863 | t | 00069845 | ||
| 888 | a | Бесплатные | ||
| 930 | a | Новая/Ретро | учебники | |
| 952 | p | 401.2001 13.55 1 734818 | ||
| c | Вид литературы | К ру | ||
| 954 | a | Дата поступления на обработку | 20010531 | |
| 999 | a | Подразделение 2 | Фил3 |